000 01259nam a2200289 i 4500
001 bg
100 1 _aSzczepański, Stanisław
_d(1941- ).
245 1 0 _aEfekty kształcenia na kierunku wychowanie fizyczne Politechniki Opolskiej w samoocenie studentów /
_cStanisław Szczepański.
260 _aOpole :
_bOficyna Wydawnicza Politechniki Opolskiej,
_c2007.
300 _a152 s. :
_bil. ;
_c24 cm.
490 1 _aStudia i Monografie / Politechnika Opolska,
_x1429-6063 ;
_vz. 216
504 _aBibliogr. 104-107.
546 _aStreszcz. ang.
610 2 9 _aPolitechnika Opolska.
_bWydział Wychowania Fizycznego i Fizjoterapii
_xsocjologia
650 9 _aNauczanie
_xefektywność
_xsocjologia
_xszkoły wyższe
_zPolska
_yod 2001 r.
650 9 _aStudenci
_xsocjologia
_zPolska
_yod 2001 r.
650 9 _aWychowanie fizyczne
_xszkoły wyższe
_xsocjologia
_zPolska
_yod 2001 r.
651 9 _aOpole (woj. opolskie)
_xszkolnictwo wyższe
_xsocjologia
_yod 2001 r.
830 0 _aStudia i Monografie - Politechnika Opolska
_vz. 216
015 _aPB 21428/2008
040 _cBPK
041 0 _apol
_beng
044 _aPOL
080 _a378.6.096:62:796:378.091.3::005.336.1:316.344-057.875](438)"2001/..."
942 _cKS
008 080508s2007 pl a |000 0 pol
999 _c55343
_d55343
856 _uhttp://koha.tu.koszalin.pl/cgi-bin/koha/opac-detail.pl?biblionumber=55343
_yKatalog online BPK